| 000 | 00000nam 2200000zi 4500 |
| 001 | 9.947193 |
| 003 | CaOODSP |
| 005 | 20250121112048 |
| 006 | m o d f |
| 007 | cr mn||||||||| |
| 008 | 250121s1968 onc o f100 0 fre d |
| 040 | |aCaOODSP|bfre|erda|cCaOODSP |
| 041 | 0 |aeng|afre |
| 043 | |an-cn--- |
| 086 | 1 |aPC32-8/1968-PDF|zPC32-8/1968 |
| 111 | 2 |aConférence constitutionnelle |n(1ère : |d1968 : |cOttawa, Ont.) |
| 245 | 10|aConstitutional Conference proceedings : |bfirst meeting, February 5-7, 1968, Ottawa = Conférence constitutionnelle, délibérations : première réunion, le 5-7 février 1968, Ottawa. |
| 246 | 11|aConférence constitutionnelle, délibérations : |bpremière réunion, le 5-7 février 1968, Ottawa |
| 246 | 14|aConstitutional Conference, Ottawa : |bfirst meeting, February 1968 = Conférence constitutionnelle, Ottawa : première réunion, février 1968 |
| 264 | 1|aOttawa, Canada : |bRoger Duhamel, F.R.S.C. = Roger Duhamel, M.S.R.C., |c1968. |
| 300 | |a1 ressource en ligne (xiii, 548 pages) |
| 336 | |atexte|btxt|2rdacontent/fre |
| 337 | |ainformatique|bc|2rdamedia/fre |
| 338 | |aressource en ligne|bcr|2rdacarrier/fre |
| 500 | |aÉdition numérisée de l'imprimée [par Direction des publications du gouvernement du Canada]. |
| 546 | |aTexte en anglais et en français. |
| 650 | 6|aDroit constitutionnel|zCanada|vCongrès. |
| 650 | 6|aConstitutions|xAmendements|zCanada|vCongrès. |
| 650 | 6|aBilinguisme|zCanada|vCongrès. |
| 650 | 6|aBiculturalisme|zCanada|vCongrès. |
| 655 | 7|aActes de congrès|2rvmgf |
| 710 | 1 |aCanada. |bConférence constitutionnelle, |eorganisme de publication. |
| 788 | |tConstitutional Conference proceedings : |eeng|w(CaOODSP)9.947191 |
| 856 | 40|qPDF|s31.80 Mo|uhttps://publications.gc.ca/collections/collection_2025/bcp-pco/PC32-8-1968.pdf |